| 000 | 00693nam a2200241 a 4500 | ||
|---|---|---|---|
| 001 | 3006223 | ||
| 005 | 20180122094928.0 | ||
| 008 | 930817s1993 enka b 001 0 eng | ||
| 010 | _a 93192437 | ||
| 020 | _a0201631865 | ||
| 040 |
_aDLC _cDLC |
||
| 041 | _aeng | ||
| 080 | _a006.6 WAT | ||
| 082 | 0 | 0 |
_a006.6 WAT _220 |
| 100 | 1 | _a30 | |
| 101 | _aSHK | ||
| 245 | 1 | 0 |
_a3D computer graphics / _cAlan Watt. |
| 504 | _aIncludes bibliographical references (p. 483-490) and index. | ||
| 740 | 0 | _aThree D computer graphics. | |
| 906 |
_a7 _bcbc _corignew _d2 _encip _f19 _gy-gencatlg |
||
| 942 |
_2ddc _cBK |
||
| 999 |
_c40694 _d40694 |
||